| 000 | 00784nam a22001937a 4500 | ||
|---|---|---|---|
| 003 | AM-YeHGA | ||
| 005 | 20250617154831.0 | ||
| 008 | 190116s1946 ru ||||| |||| 00| 0 rus d | ||
| 040 | _aAM-YeHGA | ||
| 041 | 0 | _arus | |
| 100 | 1 | _aМауэр, Вольдемар Эргардович | |
| 245 | 1 | 0 |
_aСлалом и скоростной спуск : _b[Метод. пособие для тренеров, преподавателей и спортсменов горнолыжного спорта] / _cВ. Э. Мауэр |
| 260 |
_aМосква : _bФизкультура и спорт, _c1946. |
||
| 300 |
_a96 с. : _bил.; _c20 см |
||
| 650 | 1 | 4 | _aЛыжный спорт, горный |
| 650 | 1 | 4 | _aГорно-лыжный спорт |
| 942 |
_2udc _cBK |
||
| 090 | _c423332 | ||
| 999 |
_c420932 _d420932 |
||